| 000 | 00684cam a22002413a 4500 | ||
|---|---|---|---|
| 001 | 37197 | ||
| 003 | PGUSA | ||
| 005 | 20140828083821.0 | ||
| 008 | 110824s2011||||xxu|||||s|||||000 | eng d | ||
| 040 |
_aPGUSA _beng |
||
| 042 | _adc | ||
| 050 | 4 | _aNA | |
| 100 | 1 |
_aElderkin, G. W. _q(George Wicker), _d1879-1965 |
|
| 245 | 1 | 0 |
_aProblems in Periclean Buildings _h[electronic resource] / _cG. W. Elderkin |
| 260 |
_bProject Gutenberg, _c2011 |
||
| 506 | _aPublic domain in the USA. | ||
| 516 | _aElectronic text | ||
| 653 | _aArchitecture, Greek | ||
| 653 | _aArchitecture | ||
| 830 | 0 |
_aProject Gutenberg _v37197 |
|
| 856 | 4 | 0 | _uhttp://www.gutenberg.org/ebooks/37197 |
| 942 | _cEB | ||
| 999 |
_c266451 _d266451 |
||